| 000 | 00943nam a2200229Ia 4500 | ||
|---|---|---|---|
| 001 | 11178 | ||
| 003 | GE_BSU | ||
| 008 | 181216s||||||||xx |||||||||||||| ||und|| | ||
| 040 | _cGE_BSU | ||
| 080 | _a630.36/37(075.8) | ||
| 100 | _aჩიხლაძე ბ. | ||
| 245 | _aსატყეო მეურნეობის სამუშაოთა მექანიზაცია | ||
| 245 | _bსახელმძღ. სას-სამ. ინ-ტის სატყეო-სამეურნეო ფაკ-ტის სტუდენტებისათვის | ||
| 245 | _cრედ. ი.გოგუაძე | ||
| 260 | _aთბილისი. | ||
| 260 | _bგანათლება. | ||
| 260 | _c1971 | ||
| 300 | _a454გვ.22სმ. | ||
| 300 | _eილ;ცხრ. | ||
| 653 | _aსატყეო მეურნეობის სამუშაოთა მექანიზაცია | ||
| 942 | _cBK | ||
| 999 |
_c44412 _d44412 |
||